A book of selections from the writings of R.L. Stevenson (Record no. 7631)
[ view plain ]
| 000 -LEADER | |
|---|---|
| fixed length control field | 00407nam a2200157Ia 4500 |
| 008 - FIXED-LENGTH DATA ELEMENTS--GENERAL INFORMATION | |
| fixed length control field | 210324s9999||||xx |||||||||||||| ||und|| |
| 040 ## - CATALOGING SOURCE | |
| Transcribing agency | STCPL |
| 082 ## - DEWEY DECIMAL CLASSIFICATION NUMBER | |
| Classification number | 826 |
| Item number | STE-B |
| 100 ## - MAIN ENTRY--PERSONAL NAME | |
| Personal name | Stevenson R.L. |
| 245 #2 - TITLE STATEMENT | |
| Title | A book of selections from the writings of R.L. Stevenson |
| 260 ## - PUBLICATION, DISTRIBUTION, ETC. | |
| Place of publication, distribution, etc. | New York |
| Name of publisher, distributor, etc. | Orient Longmans |
| Date of publication, distribution, etc. | 1956 |
| 300 ## - PHYSICAL DESCRIPTION | |
| Extent | 219P, 18C.M. |
| 650 ## - SUBJECT ADDED ENTRY--TOPICAL TERM | |
| Topical term or geographic name entry element | English Letters |
| 942 ## - ADDED ENTRY ELEMENTS (KOHA) | |
| Koha item type | Books |
| 041 ## - LANGUAGE CODE | |
| Language code of original | English |
| Withdrawn status | Lost status | Damaged status | Not for loan | Home library | Current library | Shelving location | Date acquired | Cost, normal purchase price | Total Checkouts | Full call number | Barcode | Date last seen | Price effective from | Koha item type |
|---|---|---|---|---|---|---|---|---|---|---|---|---|---|---|
| ST. THOMAS COLLEGE LIBRARY, PALAI | ST. THOMAS COLLEGE LIBRARY, PALAI | 2021-07-10 | 2.40 | 826 STE-A | 13072 | 2021-07-10 | 2021-07-10 | Books |
